Score 0/20 Timer 03:00
0 Plays Today
Movie Title Missing Word % Correct
My Big ___ Greek WeddingFat
95.2%
Our ___ Are SealedLips
93.1%
The ___ That Rocks the CradleHand
91.9%
Daddy Long ___Legs
91.9%
Head Over ___Heels
88.7%
Pirates of the Caribbean: Dead Man's ___Chest
86.4%
Bring Me the ___ of Alfredo GarciaHead
86.3%
My Left ___Foot
85.7%
Happy ___ TwoFeet
75.6%
The Man with the Golden ___Arm
72%
Movie Title Missing Word % Correct
Prick Up Your ___Ears
70.7%
___ of Laura MarsEyes
66.5%
Jennifer's ___Body
59.3%
White Hunter Black ___Heart
50.6%
Deep ___Throat
44.9%
The 5,000 ___ of Dr. TFingers
44.6%
Adam's ___Rib
42.1%
The Man with Two ___Brains
38.2%
Claire's ___Knee
27.2%
The ___ Beach StoryPalm
7.9%

Today's Daily Dose

Remove Ads.
Support Sporcle.
Get the best of Sporcle when you Go Orange. This ad-free experience offers more features, more stats, and more fun while also helping to support Sporcle. Thank you for becoming a member.

You're not logged in!

Compare scores with friends on all Sporcle quizzes.
OR
Log In

Show Comments

Extras

Top Quizzes Today


Score Distribution

Your Account Isn't Verified!

In order to create a playlist on Sporcle, you need to verify the email address you used during registration. Go to your Sporcle Settings to finish the process.

Report this User

Report this user for behavior that violates our Community Guidelines.

Details: